000 00559nam a2200157Ia 4500
008 090711s9999 xx 000 0 und d
082 _b75608
100 _aप्रभावळकर दिलीप
245 _aबोक्या सातबंडे भाग 1
300 _a91
600 _aप्रभावळकर दिलीप
630 _aबोक्या सातबंडे भाग 1
700 _aप्रभावळकर दिलीप
730 _aबोक्या सातबंडे भाग 1
942 _cBOOK
999 _c327845
_d327845